Medaillenspiegel der Olympischen Sommerspiele 2024 - Statistiken

Allgemein
  • Dieses Quiz wurde 121 mal gespielt
  • Das Durchschnittsergebnis liegt bei 16 aus 20
Antwortstatistiken
# Country 🥇 🥈 🥉 % Korrekt
5 Frankreich 16 26 22
100%
1 Vereinigte Staaten 40 44 42
100%
2 China 40 27 24
99%
10 Deutschland 12 13 8
97%
3 Japan 20 12 13
97%
9 Italien 12 13 15
95%
15 Spanien 5 4 9
93%
12 Kanada 9 7 11
91%
7 Vereinigtes Königreich 14 22 29
91%
4 Australien 18 19 16
89%
20 Brasilien 3 7 10
88%
6 Niederlande 15 7 12
88%
16 Schweden 4 4 3
87%
18 Norwegen 4 1 3
83%
8 Südkorea 13 9 10
82%
11 Neuseeland 10 7 3
69%
17 Kenia 4 2 5
55%
14 Ungarn 6 7 6
50%
19 Irland 4 0 3
41%
13 Usbekistan 8 2 3
22%
Keine übereinstimmenden Quizze gefunden
Verteilung der Resultate
Anzahl Personen mit jedem Resultat
Perzentil nach korrekt beantworteten Fragen
Ihre Resultats-Entwicklung
Sie haben dieses Quiz noch nicht gespielt